[Event "World Junior Championship (Girls)"]
[Site "Istanbul TUR"]
[Date "2005.11.14"]
[EventDate "2005.11.09"]
[Round "6"]
[Result "1-0"]
[White "Anna Ushenina"]
[Black "Liu Pei"]
[WhiteElo "2409"]
[BlackElo "2283"]
[PlyCount "45"]

1. d4 d5 2. c4 c6 3. Nf3 Nf6 4. e3 e6 5. Bd3 Nbd7 6. Nbd2 Bd6
7. O-O O-O 8. e4 dxe4 9. Nxe4 Nxe4 10. Bxe4 f5 11. Bc2 e5
12. Bg5 Be7 13. Bxe7 Qxe7 14. Nxe5 Nxe5 15. Re1 Qb4 16. Rxe5
Qxb2 17. c5 Kh8 18. Re7 f4 19. Rb1 Qxa2 20. Bb3 Qa5 21. Qe2
Qd8 22. Qe5 Qxe7 23. Qxe7 1-0

[Event "World Junior Championship (Girls)"]
[Site "Istanbul TUR"]
[Date "2005.11.16"]
[EventDate "2005.11.09"]
[Round "7"]
[Result "1-0"]
[White "Natalia Pogonina"]
[Black "Anna Ushenina"]
[WhiteElo "2401"]
[BlackElo "2409"]
[PlyCount "99"]

1. e4 c6 2. d4 d5 3. Nc3 dxe4 4. Nxe4 Nd7 5. Bd3 Ngf6 6. Ng5
e6 7. Qe2 Bd6 8. N1f3 h6 9. Ne4 Nxe4 10. Qxe4 Qc7 11. Bd2 b6
12. O-O-O Bb7 13. Qe2 c5 14. Kb1 O-O 15. Be4 Bxe4 16. Qxe4
Rfd8 17. dxc5 Nxc5 18. Qg4 f5 19. Qc4 a6 20. Nd4 b5 21. Qe2
Be5 22. Ba5 Qxa5 23. Nc6 Rxd1+ 24. Rxd1 Qc7 25. Nxe5 Rd8
26. f4 Rd6 27. a3 Nd7 28. Rxd6 Qxd6 29. Nd3 g6 30. Qe3 Kf7
31. Qa7 Kf6 32. Qa8 Nb8 33. Qb7 Nd7 34. Qc8 h5 35. Qd8+ Qe7
36. Qc7 g5 37. fxg5+ Kf7 38. Qxd7 Qxd7 39. Ne5+ Ke7 40. Nxd7
Kxd7 41. h4 f4 42. Kc1 e5 43. Kd2 e4 44. b3 a5 45. c3 Ke6
46. a4 bxa4 47. bxa4 Kf5 48. c4 Kg4 49. g6 Kg3 50. Ke1 1-0

[Event "World Junior Championship (Girls)"]
[Site "Istanbul TUR"]
[Date "2005.11.17"]
[EventDate "2005.11.09"]
[Round "8"]
[Result "1-0"]
[White "Anna Ushenina"]
[Black "Maka Purtseladze"]
[WhiteElo "2409"]
[BlackElo "2338"]
[PlyCount "55"]

1. e4 c6 2. d4 d5 3. f3 Nf6 4. Nc3 dxe4 5. fxe4 e5 6. dxe5
Qxd1+ 7. Nxd1 Nxe4 8. Nf3 Nd7 9. Ne3 f6 10. exf6 Ndxf6 11. Bc4
b5 12. Bd3 Bc5 13. a4 Bb4+ 14. c3 Nxc3 15. Bd2 Ncd5 16. Nxd5
Nxd5 17. axb5 cxb5 18. Bxb5+ Bd7 19. Bxd7+ Kxd7 20. Bxb4 Nxb4
21. O-O Rhe8 22. Rad1+ Kc6 23. Rd4 Kb5 24. Rd7 a5 25. Nd4+ Kc4
26. Rc1+ Kd3 27. Nf5+ Ke2 28. Rcd1 1-0

[Event "World Junior Championship (Girls)"]
[Site "Istanbul TUR"]
[Date "2005.11.18"]
[EventDate "2005.11.09"]
[Round "9"]
[Result "0-1"]
[White "Anna Ushenina"]
[Black "Irina Vasilevich"]
[WhiteElo "2409"]
[BlackElo "2389"]
[PlyCount "146"]

1. d4 Nf6 2. c4 e6 3. Nc3 Bb4 4. e3 O-O 5. Bd3 c5 6. Nge2 cxd4
7. exd4 d5 8. a3 Be7 9. cxd5 Nxd5 10. Nxd5 Qxd5 11. O-O Nc6
12. Be3 Bf6 13. Rc1 g6 14. Rc5 Qd8 15. Be4 Ne7 16. Qb3 Nf5
17. Rd1 Be7 18. Rc3 Bd6 19. Bxf5 exf5 20. Bf4 Bxf4 21. Nxf4
Qd6 22. g3 b6 23. Qd5 Qxd5 24. Nxd5 Bb7 25. Ne7+ Kg7 26. d5
Rfd8 27. Rc7 Rab8 28. b4 b5 29. f3 Rd6 30. Kf2 Kf6 31. f4 Ba8
32. Nc6 Bxc6 33. Rxc6 Rxc6 34. dxc6 Rc8 35. Rd6+ Ke7 36. Rd7+
Ke6 37. Rxa7 Rxc6 38. Ra5 Rc3 39. Rxb5 Rxa3 40. Rb7 Ra2+
41. Kg1 Ra1+ 42. Kg2 Ra2+ 43. Kh3 h6 44. b5 Rb2 45. Rb8 Kf6
46. b6 Kg7 47. Rb7 Kf6 48. Rb8 g5 49. fxg5+ hxg5 50. g4 Rb3+
51. Kg2 fxg4 52. Kf2 Kf5 53. Rf8 f6 54. Rb8 Kf4 55. b7 Rb2+
56. Ke1 f5 57. Kd1 g3 58. hxg3+ Kxg3 59. Rg8 Rxb7 60. Rxg5+
Kf4 61. Rh5 Re7 62. Kd2 Kg4 63. Rh2 Kg3 64. Rh6 f4 65. Rg6+
Kf2 66. Rf6 Rd7+ 67. Kc2 f3 68. Rf8 Ke2 69. Re8+ Kf1 70. Rf8
f2 71. Kc1 Rd4 72. Rg8 Ke2 73. Re8+ Kf3 0-1

[Event "World Junior Championship (Girls)"]
[Site "Istanbul TUR"]
[Date "2005.11.19"]
[EventDate "2005.11.09"]
[Round "10"]
[Result "0-1"]
[White "Alina L'Ami"]
[Black "Anna Ushenina"]
[WhiteElo "2313"]
[BlackElo "2409"]
[PlyCount "62"]

1. d4 Nf6 2. c4 e6 3. Nc3 Bb4 4. e3 c5 5. Nge2 b6 6. a3 Ba5
7. Rb1 Na6 8. Ng3 Bb7 9. Bd3 Bxg2 10. Rg1 Bb7 11. Bd2 O-O
12. d5 Ne8 13. e4 Qh4 14. Nh5 Kh8 15. Qf3 g6 16. Be2 f5
17. Rg3 gxh5 18. b4 cxb4 19. axb4 Bxb4 20. Rxb4 Nxb4 21. Bg5
Qxh2 22. Qf4 Qh1+ 23. Kd2 d6 24. Bh6 h4 25. Rg5 Rf6 26. e5
Rxh6 27. dxe6 Ng7 28. exd6 Rxe6 29. Qd4 Rg6 30. Rxf5 Nc6
31. d7 Nxd4 0-1

[Event "World Junior Championship (Girls)"]
[Site "Istanbul TUR"]
[Date "2005.11.20"]
[EventDate "2005.11.09"]
[Round "11"]
[Result "0-1"]
[White "Anna Ushenina"]
[Black "Turkan Mamedjarova"]
[WhiteElo "2409"]
[BlackElo "2223"]
[PlyCount "37"]

1. e4 e5 2. Nf3 Nf6 3. Nxe5 d6 4. Nf3 Nxe4 5. d3 Nf6 6. d4 d5
7. Bd3 Bd6 8. h3 h6 9. O-O O-O 10. Nbd2 Nbd7 11. Re1 c5 12. c3
c4 13. Bc2 Re8 14. b3 b5 15. a4 b4 16. cxb4 cxb3 17. Rxe8+
Qxe8 18. Bxb3 Bxb4 19. Nf1 0-1

[Event "FIDE Women's World Championship"]
[Site "Ekaterinburg RUS"]
[Date "2006.03.12"]
[EventDate "2006.03.11"]
[Round "1.2"]
[Result "1/2-1/2"]
[White "Ekaterina Korbut"]
[Black "Anna Ushenina"]
[WhiteElo "2427"]
[BlackElo "2398"]
[PlyCount "117"]

1. e4 c6 2. d4 d5 3. Nc3 dxe4 4. Nxe4 Bf5 5. Ng3 Bg6 6. h4 h6
7. Nf3 Nd7 8. h5 Bh7 9. Bd3 Bxd3 10. Qxd3 Ngf6 11. Bd2 Qc7
12. O-O-O e6 13. Ne4 O-O-O 14. g3 Nxe4 15. Qxe4 Bd6 16. Qe2
Nf6 17. Ne5 c5 18. Rh4 Nd5 19. Nc4 Be7 20. Rg4 Rhg8 21. dxc5
Bxc5 22. Ne5 Nb6 23. Nd3 Be7 24. Ba5 Bf6 25. Bd2 Nc4 26. Be3
Nxe3 27. fxe3 Kb8 28. Rf1 Qa5 29. Nb4 Qe5 30. c3 a5 31. Nc2
Qxh5 32. Qc4 Qd5 33. Qxd5 Rxd5 34. Rxf6 h5 35. Rxf7 hxg4
36. Nd4 Re5 37. Kd2 g5 38. Kd3 a4 39. b4 axb3 40. axb3 Rh8
41. c4 Rd8 42. e4 Ra5 43. Kc3 Re5 44. Kd3 Ra5 45. Kc3 e5
46. Nf5 Rd1 47. Rg7 Re1 48. Rxg5 Rxe4 49. Nd6 Rd4 50. Rg8+ Ka7
51. Nc8+ Kb8 52. Kb4 Rad5 53. Nd6+ Ka7 54. Nb5+ Rxb5+ 55. Kxb5
Rd3 56. Rxg4 Rxb3+ 57. Kc5 Rd3 58. Re4 Rxg3 59. Rxe5 1/2-1/2

[Event "FIDE Women's World Championship"]
[Site "Ekaterinburg RUS"]
[Date "2006.03.14"]
[EventDate "2006.03.11"]
[Round "2.2"]
[Result "1-0"]
[White "Yuhua Xu"]
[Black "Anna Ushenina"]
[WhiteElo "2502"]
[BlackElo "2398"]
[PlyCount "51"]

1. e4 c6 2. d4 d5 3. Nd2 dxe4 4. Nxe4 Bf5 5. Ng3 Bg6 6. h4 h6
7. Nf3 Nd7 8. h5 Bh7 9. Bd3 Bxd3 10. Qxd3 e6 11. Bd2 Ngf6
12. O-O-O Be7 13. Qe2 O-O 14. Kb1 Qb6 15. c4 Rfe8 16. Ne5 Rad8
17. Bc3 c5 18. Nxd7 Nxd7 19. Ne4 cxd4 20. Bxd4 Qc6 21. Qg4 Bf8
22. Bf6 Rc8 23. Rh3 Qxc4 24. Rc3 Qb5 25. Rxd7 Kh8 26. Rxf7 1-0

[Event "7th European Individual Championship: Women"]
[Site "Kusadasi TUR"]
[Date "2006.04.05"]
[EventDate "2006.04.04"]
[Round "2"]
[Result "1/2-1/2"]
[White "Anna Ushenina"]
[Black "Marina Makropoulou"]
[WhiteElo "2398"]
[BlackElo "2284"]
[PlyCount "142"]

1. d4 d5 2. c4 c6 3. Nf3 Nf6 4. Nc3 a6 5. Qc2 g6 6. Bg5 Bg7
7. Bxf6 Bxf6 8. cxd5 O-O 9. Qb3 Bg7 10. e3 cxd5 11. Qxd5 Qb6
12. Qb3 Qxb3 13. axb3 Nc6 14. Bc4 Rb8 15. O-O Rd8 16. Ng5 e6
17. Nge4 b5 18. Be2 e5 19. dxe5 Bxe5 20. Rfd1 Rxd1+ 21. Rxd1
Be6 22. Nc5 Nb4 23. Nxe6 fxe6 24. Bg4 Rb6 25. f4 Bf6 26. Rd2
Be7 27. Kf2 Kf7 28. Ne4 Rc6 29. Kf3 Nd5 30. Nf2 Bb4 31. Re2
Nf6 32. Bh3 Ke7 33. e4 Ba5 34. g4 Nd7 35. g5 Nc5 36. f5 Nxb3
37. f6+ Kf7 38. Ng4 Bc7 39. Ke3 a5 40. e5 Bb6+ 41. Kf4 a4
42. Nh6+ Kf8 43. Bg2 Rc4+ 44. Kg3 b4 45. Bd5 exd5 46. e6 Re4
47. e7+ Ke8 48. Rc2 Bc5 49. h4 Re3+ 50. Kg4 Re4+ 51. Kg3 Bxe7
52. fxe7 Rxe7 53. Ng8 Re3+ 54. Kf2 Rh3 55. Nf6+ Kd8 56. Rc6
Rxh4 57. Nxd5 a3 58. bxa3 bxa3 59. Ra6 Kc8 60. Rc6+ Kd8
61. Rd6+ Ke8 62. Ra6 Rh2+ 63. Kg3 Ra2 64. Nb4 Rb2 65. Rxa3 Nc5
66. Nd5 Rb3+ 67. Rxb3 Nxb3 68. Nf6+ Kf7 69. Nxh7 Nd4 70. Nf6
Ne6 71. Kg4 Nxg5 1/2-1/2

[Event "7th European Individual Championship: Women"]
[Site "Kusadasi TUR"]
[Date "2006.04.06"]
[EventDate "2006.04.04"]
[Round "3"]
[Result "1-0"]
[White "Maria Kursova"]
[Black "Anna Ushenina"]
[WhiteElo "2319"]
[BlackElo "2398"]
[PlyCount "103"]

1. e4 e5 2. Nf3 Nc6 3. Bb5 Nge7 4. O-O g6 5. c3 a6 6. Ba4 Bg7
7. d4 exd4 8. cxd4 b5 9. Bc2 d6 10. h3 O-O 11. a4 Bb7 12. Nc3
b4 13. Ne2 Na5 14. Bg5 h6 15. Bf4 b3 16. Bd3 c5 17. Qd2 c4
18. Bb1 f5 19. Nc3 Kh7 20. Bh2 Qb6 21. h4 Kh8 22. Bf4 Kh7
23. Be3 fxe4 24. Nxe4 d5 25. Nc3 Bc8 26. h5 Bf5 27. hxg6+ Bxg6
28. Ne5 Bxb1 29. Nd7 Qg6 30. Nxf8+ Rxf8 31. Raxb1 Nf5 32. Ne2
Nh4 33. Ng3 Nb7 34. Bf4 Nd8 35. Be5 Ne6 36. Rbe1 Ng5 37. Qe3
Ne4 38. Bxg7 Qxg7 39. Kh2 Nf5 40. Nxf5 Rxf5 41. g3 Qg4 42. Kg2
Ng5 43. Rh1 Rf3 44. Qe5 Rf5 45. Rxh6+ Kxh6 46. Qh8+ Kg6
47. Qg8+ Kh5 48. Rh1+ Nh3 49. Rxh3+ Qxh3+ 50. Kxh3 Rxf2
51. Qh7+ Kg5 52. Qg7+ 1-0

[Event "7th European Individual Championship: Women"]
[Site "Kusadasi TUR"]
[Date "2006.04.07"]
[EventDate "2006.04.04"]
[Round "4"]
[Result "1/2-1/2"]
[White "Anna Ushenina"]
[Black "Nataliya Hryhorenko"]
[WhiteElo "2398"]
[BlackElo "2323"]
[PlyCount "80"]

1. d4 d5 2. c4 c6 3. Nf3 Nf6 4. Nc3 dxc4 5. a4 Bf5 6. e3 e6
7. a5 Bb4 8. Qa4 Qe7 9. Bxc4 Nbd7 10. O-O O-O 11. Be2 Ne4
12. Qb3 b6 13. axb6 axb6 14. Rxa8 Rxa8 15. Nh4 h6 16. Nxf5
exf5 17. f3 Nef6 18. Bd3 Ra1 19. Ne2 g6 20. e4 c5 21. exf5 g5
22. Bc4 cxd4 23. Nxd4 Bc5 24. Be3 Rxf1+ 25. Kxf1 Ne5 26. Be2
Qd7 27. Qb5 Qd6 28. Nc2 Nc6 29. Bxc5 bxc5 30. Qb7 Ne7 31. Ne3
Ned5 32. Nxd5 Nxd5 33. Kf2 Nf4 34. Qe4 Nxe2 35. Qxe2 Qxh2
36. f6 Qh4+ 37. Kf1 Qh1+ 38. Kf2 Qh4+ 39. Kf1 Qh1+ 40. Kf2
Qh4+ 1/2-1/2

[Event "7th European Individual Championship: Women"]
[Site "Kusadasi TUR"]
[Date "2006.04.08"]
[EventDate "2006.04.04"]
[Round "5"]
[Result "1-0"]
[White "Emilia Djingarova"]
[Black "Anna Ushenina"]
[WhiteElo "2346"]
[BlackElo "2398"]
[PlyCount "53"]

1. e4 c5 2. Nf3 Nc6 3. Bb5 g6 4. O-O Bg7 5. Bxc6 bxc6 6. Re1
Nh6 7. c3 O-O 8. d4 cxd4 9. cxd4 f6 10. Nc3 d6 11. h3 Nf7
12. Bf4 g5 13. Be3 h6 14. Qc2 Rb8 15. b3 e6 16. Ne2 f5
17. exf5 exf5 18. Ng3 Qa5 19. Nh5 Qd5 20. Rac1 Bd7 21. h4 g4
22. Nh2 Rfe8 23. Nxg4 Qe6 24. Nxg7 Kxg7 25. Bxh6+ Nxh6
26. Rxe6 Rxe6 27. d5 1-0

[Event "7th European Individual Championship: Women"]
[Site "Kusadasi TUR"]
[Date "2006.04.10"]
[EventDate "2006.04.04"]
[Round "7"]
[Result "1/2-1/2"]
[White "Sopio Gvetadze"]
[Black "Anna Ushenina"]
[WhiteElo "2257"]
[BlackElo "2398"]
[PlyCount "89"]

1. e4 c6 2. d4 d5 3. exd5 cxd5 4. c4 dxc4 5. Bxc4 Qc7 6. Bb3
Bg4 7. f3 Bd7 8. Ne2 e6 9. Bf4 Bd6 10. Bxd6 Qxd6 11. Nbc3 Nf6
12. O-O Bc6 13. Qd3 Nbd7 14. Rad1 Rd8 15. Ne4 Qe7 16. N2g3 O-O
17. Bc2 Nd5 18. a3 Qh4 19. Rfe1 f5 20. Nd2 Rf6 21. Ndf1 Nf4
22. Qd2 Qg5 23. Kh1 Rg6 24. Ne3 h5 25. Qf2 h4 26. Ne2 Nxe2
27. Rxe2 Nf6 28. d5 Nxd5 29. Nc4 Nf4 30. Rxd8+ Qxd8 31. Rd2
Bd5 32. Ne3 Qg5 33. Nxd5 Nxd5 34. Bd3 Qf4 35. Bf1 Ne3 36. Re2
Nxf1 37. Qxf1 e5 38. Rc2 Rd6 39. Qe2 Qd4 40. h3 Rc6 41. Rxc6
bxc6 42. Qa6 Kh7 43. Qc8 g6 44. Qf8 Qc4 45. Kh2 1/2-1/2

[Event "7th European Individual Championship: Women"]
[Site "Kusadasi TUR"]
[Date "2006.04.13"]
[EventDate "2006.04.04"]
[Round "9"]
[Result "1-0"]
[White "Anna Ushenina"]
[Black "Anna Burtasova"]
[WhiteElo "2398"]
[BlackElo "2274"]
[PlyCount "67"]

1. d4 Nf6 2. c4 c5 3. d5 e5 4. Nc3 d6 5. e4 Be7 6. h3 h5
7. Be3 Na6 8. a3 g6 9. Bd3 Kf8 10. Qd2 Kg7 11. f4 exf4
12. Bxf4 Nc7 13. Nf3 a6 14. O-O h4 15. e5 dxe5 16. Bxe5 Nce8
17. Qf4 Bd6 18. Ne4 Bxe5 19. Nxe5 Rh5 20. Ng4 Bf5 21. Nexf6
Nxf6 22. Bxf5 gxf5 23. Ne3 Nh7 24. Nxf5+ Kh8 25. Nd6 Ng5
26. Rae1 Qg8 27. Nxf7+ Nxf7 28. Qxf7 Rg5 29. Kh1 b5 30. Qf4
Qg7 31. Qxh4+ Kg8 32. b3 bxc4 33. bxc4 Rb8 34. Rf2 1-0

[Event "7th European Individual Championship: Women"]
[Site "Kusadasi TUR"]
[Date "2006.04.14"]
[EventDate "2006.04.04"]
[Round "10"]
[Result "1-0"]
[White "Anna Muzychuk"]
[Black "Anna Ushenina"]
[WhiteElo "2417"]
[BlackElo "2398"]
[PlyCount "61"]

1. e4 Nf6 2. e5 Nd5 3. d4 d6 4. Nf3 g6 5. Bc4 c6 6. O-O Bg7
7. h3 O-O 8. Qe2 dxe5 9. dxe5 Qc7 10. Re1 a5 11. Bg5 Be6
12. Nc3 Nxc3 13. bxc3 Bd5 14. Rad1 e6 15. Nh2 Nd7 16. Ng4 Rfe8
17. Bd3 c5 18. c4 Bc6 19. f4 b6 20. Be4 Bxe4 21. Qxe4 h5
22. Nf2 Kh7 23. Qd3 Ra7 24. Ne4 Qc6 25. Re2 Rb8 26. Red2 b5
27. Qf3 Kh8 28. cxb5 Rxb5 29. Nd6 Rb6 30. Qxc6 Rxc6 31. Nxf7+
1-0

[Event "37th Chess Olympiad: Women"]
[Site "Turin ITA"]
[Date "2006.05.23"]
[EventDate "2006.05.21"]
[Round "3"]
[Result "1-0"]
[White "Anna Ushenina"]
[Black "Bayanmunkh Ankhchimeg"]
[WhiteElo "2397"]
[BlackElo "2252"]
[PlyCount "125"]

1. d4 Nf6 2. c4 e6 3. Nf3 b6 4. a3 Bb7 5. Nc3 Be7 6. d5 d6
7. e4 e5 8. Be2 O-O 9. O-O c6 10. Ne1 cxd5 11. cxd5 Ne8 12. b4
a6 13. Bb2 Nd7 14. g3 Bf6 15. Ng2 g6 16. Ne3 Bg7 17. Bd3 Qe7
18. Qd2 Nc7 19. Rac1 Rae8 20. Rc2 Nb8 21. Na4 Na8 22. b5 a5
23. Nc4 Nd7 24. Qe3 f5 25. f3 f4 26. Qf2 Nc5 27. Nxc5 dxc5
28. a4 Kh8 29. Ba3 Qd8 30. Qg2 Bc8 31. g4 Bf6 32. Kf2 Be7
33. Rh1 h6 34. Bb2 Bd6 35. Ke2 Kh7 36. Kd1 Rf7 37. h4 Rb7
38. Kc1 Rf7 39. Bf1 Rb7 40. Qg1 Rbe7 41. Kb1 Qc7 42. g5 h5
43. Bh3 Bxh3 44. Rxh3 Qd7 45. Rh1 Rb8 46. Bc3 Qc7 47. Kc1 Rbe8
48. Kd2 Qb8 49. Qa1 Qc7 50. Ke2 Qb8 51. Kf2 Qc7 52. Kg2 Qb8
53. Rb1 Ra7 54. Qb2 Ree7 55. Qc1 Kg8 56. Qd2 Kf7 57. Ra2 Qd8
58. Rab2 Qb8 59. Bxa5 bxa5 60. b6 Ra6 61. Qd3 Rd7 62. Nxd6+
Rxd6 63. Qxa6 1-0

[Event "37th Chess Olympiad: Women"]
[Site "Turin ITA"]
[Date "2006.05.24"]
[EventDate "2006.05.21"]
[Round "4"]
[Result "1/2-1/2"]
[White "Yifan Hou"]
[Black "Anna Ushenina"]
[WhiteElo "2298"]
[BlackElo "2397"]
[PlyCount "112"]

1. e4 c6 2. d4 d5 3. Nd2 dxe4 4. Nxe4 Nd7 5. Ng5 Ngf6 6. Bd3
h6 7. Ne6 Qa5+ 8. Bd2 Qb6 9. Nf3 fxe6 10. Bg6+ Kd8 11. O-O
Qxb2 12. c4 Qa3 13. Bf4 Ne8 14. Ne5 Nd6 15. c5 Nxe5 16. dxe5
Qxc5 17. exd6 exd6 18. Rc1 Qd5 19. Qe2 e5 20. Bg3 Qe6 21. Qd3
d5 22. Rfe1 Bd6 23. Re3 Kc7 24. Rce1 e4 25. Bxe4 Bxg3 26. Rxg3
g5 27. Rge3 Rf8 28. Bf3 Qd6 29. Re7+ Bd7 30. Bh5 Rad8 31. Qh7
Kb8 32. g3 Rh8 33. Qg7 Rhg8 34. Qh7 Rh8 35. Qg7 Rhg8 36. Qb2
Rgf8 37. Rh7 Bc8 38. Bg4 Qf6 39. Qxf6 Rxf6 40. Bxc8 Kxc8
41. Ree7 Rdf8 42. Rc7+ Kb8 43. Rxb7+ Kc8 44. Rxa7 Kb8
45. Rab7+ Ka8 46. f4 gxf4 47. g4 f3 48. Ra7+ Kb8 49. Rhb7+ Kc8
50. Re7 f2+ 51. Kf1 Kb8 52. a4 Re8 53. Rab7+ Ka8 54. Ra7+ Kb8
55. Rab7+ Ka8 56. Ra7+ Kb8 1/2-1/2

[Event "37th Chess Olympiad: Women"]
[Site "Turin ITA"]
[Date "2006.05.28"]
[EventDate "2006.05.21"]
[Round "7"]
[Result "1-0"]
[White "Anna Ushenina"]
[Black "Ana-Cristina Calotescu"]
[WhiteElo "2397"]
[BlackElo "2325"]
[PlyCount "71"]

1. d4 Nf6 2. c4 g6 3. Nc3 Bg7 4. e4 d6 5. Nge2 O-O 6. Ng3 c5
7. d5 e6 8. Be2 exd5 9. cxd5 a6 10. a4 h5 11. Bg5 Qb6 12. Qd2
Nh7 13. a5 Qc7 14. Bh6 h4 15. Bxg7 Kxg7 16. Nf1 Nd7 17. Ne3
Rb8 18. O-O Ndf6 19. f4 Re8 20. Bf3 b5 21. axb6 Rxb6 22. e5
dxe5 23. fxe5 Nd7 24. d6 Qb8 25. Nc4 Rb4 26. Bd5 Rf8 27. Bxf7
Rxf7 28. Rxf7+ Kxf7 29. e6+ Kg7 30. exd7 Bxd7 31. Ne5 Rd4
32. Qe2 Qxd6 33. Rxa6 Qe7 34. Rxg6+ Kh8 35. Rh6 Be8 36. Ng6+
1-0

[Event "37th Chess Olympiad: Women"]
[Site "Turin ITA"]
[Date "2006.05.29"]
[EventDate "2006.05.21"]
[Round "8"]
[Result "0-1"]
[White "Szidonia Lazarne Vajda"]
[Black "Anna Ushenina"]
[WhiteElo "2403"]
[BlackElo "2397"]
[PlyCount "160"]

1. e4 c6 2. d4 d5 3. exd5 cxd5 4. c4 Nf6 5. Nc3 e6 6. Nf3 Bb4
7. cxd5 Nxd5 8. Bd2 Nc6 9. Bd3 O-O 10. O-O Be7 11. a3 Bf6
12. Qe2 g6 13. Bh6 Re8 14. Rfd1 Bd7 15. Ne4 Be7 16. Rac1 Rc8
17. Bb1 Qb6 18. Ba2 Red8 19. Nc3 Nxc3 20. Rxc3 Re8 21. Be3 Bf6
22. Ne5 Qd8 23. Bf4 Qe7 24. Rf3 Nxe5 25. dxe5 Bg7 26. Rd6 Bc6
27. Rg3 Qc7 28. h4 Rcd8 29. h5 Rxd6 30. exd6 Qb6 31. hxg6 hxg6
32. b4 Qd4 33. Rg4 e5 34. Be3 Qxd6 35. Bc5 Qf6 36. Bxa7 Ra8
37. Bc5 b6 38. Be3 Rxa3 39. Rc4 Ra8 40. Qc2 Bd7 41. Qd2 Be6
42. Rc2 Rd8 43. Qc1 Qf5 44. Bxe6 Qxe6 45. b5 e4 46. Rd2 Rd3
47. Qc6 Qb3 48. Qe8+ Kh7 49. Qxe4 Rxd2 50. Bxd2 Qxb5 51. Qh4+
Qh5 52. Qb4 Qd1+ 53. Be1 Qd4 54. Qe7 b5 55. g3 Qe5 56. Qb4 Bf6
57. Kf1 Kg7 58. Qg4 Qa1 59. Qb4 Qb2 60. Qxb2 Bxb2 61. Ke2 Kf6
62. Kd3 Ke5 63. f3 Kd5 64. Bb4 Be5 65. g4 Bd6 66. Be1 b4
67. Bf2 Be5 68. Be3 b3 69. Bf2 Kc6 70. Be3 Kb5 71. Bh6 Ka4
72. Bf8 Bb2 73. Bd6 Kb5 74. Be7 Be5 75. Bg5 f6 76. Bh6 g5
77. Bg7 b2 78. Kc2 Kc4 79. f4 gxf4 80. g5 f3 0-1

[Event "37th Chess Olympiad: Women"]
[Site "Turin ITA"]
[Date "2006.05.31"]
[EventDate "2006.05.21"]
[Round "10"]
[Result "1/2-1/2"]
[White "Anna Ushenina"]
[Black "Lela Javakhishvili"]
[WhiteElo "2397"]
[BlackElo "2410"]
[PlyCount "49"]

1. e4 c5 2. Nf3 e6 3. d4 cxd4 4. Nxd4 a6 5. Bd3 Qc7 6. O-O Nf6
7. c4 Bc5 8. Nb3 Be7 9. Nc3 d6 10. Be3 Nbd7 11. f4 b6 12. Qf3
Bb7 13. Rae1 h5 14. Kh1 Ng4 15. Bg1 g5 16. a4 gxf4 17. Qxf4
Nge5 18. Be2 Rh7 19. a5 bxa5 20. Ra1 Rb8 21. Ba7 Rc8 22. Bg1
Rb8 23. Ba7 Rc8 24. Bg1 Rb8 25. Ba7 1/2-1/2

[Event "37th Chess Olympiad: Women"]
[Site "Turin ITA"]
[Date "2006.06.03"]
[EventDate "2006.05.21"]
[Round "12"]
[Result "1/2-1/2"]
[White "Anna Ushenina"]
[Black "Ghate Swathi"]
[WhiteElo "2397"]
[BlackElo "2262"]
[PlyCount "120"]

1. d4 Nf6 2. c4 e6 3. Nf3 b6 4. a3 Ba6 5. e3 d5 6. Nbd2 Be7
7. b3 O-O 8. Bd3 c5 9. Bb2 Nbd7 10. Qe2 Rc8 11. O-O Qc7
12. Rac1 Qb8 13. Rfd1 Rfd8 14. Nf1 Bb7 15. Ng3 Bf8 16. dxc5
bxc5 17. Qc2 Ba8 18. Rb1 Qc7 19. Ng5 g6 20. Nf3 Rb8 21. cxd5
Bxd5 22. Bc4 Bc6 23. Ng5 Bg7 24. h4 Qb7 25. h5 Bd5 26. hxg6
hxg6 27. Bxd5 exd5 28. b4 cxb4 29. axb4 Nb6 30. Bd4 Ne8
31. Bxg7 Nxg7 32. Ne2 Qe7 33. Nf3 Nc4 34. Qc3 Nf5 35. Nf4 Nb6
36. Nd4 Qe5 37. Qe1 Ne7 38. b5 Rbc8 39. Rbc1 Nc4 40. Ra1 Rd7
41. Nd3 Qh5 42. Qe2 Qh4 43. Nb4 Kg7 44. g3 Qe4 45. Qf3 Ne5
46. Qxe4 dxe4 47. Nbc6 N7xc6 48. bxc6 Re7 49. Ra6 Rcc7 50. Rc1
Nf3+ 51. Kf1 Re5 52. Ke2 Kf8 53. Rb1 Rc5 54. Rb8+ Kg7 55. Rb7
Nxd4+ 56. exd4 R5xc6 57. Raxa7 Rc2+ 58. Kf1 Rc1+ 59. Kg2 Rxb7
60. Rxb7 Rd1 1/2-1/2

[Event "5th Istanbul Festival"]
[Site "Istanbul TUR"]
[Date "2006.09.02"]
[EventDate "2006.08.30"]
[Round "4"]
[Result "1/2-1/2"]
[White "Anna Ushenina"]
[Black "Valery Neverov"]
[WhiteElo "2410"]
[BlackElo "2556"]
[PlyCount "98"]

1. d4 d5 2. c4 e6 3. Nc3 Be7 4. Nf3 Nf6 5. cxd5 exd5 6. Bg5 c6
7. Qc2 g6 8. e3 Bf5 9. Bd3 Bxd3 10. Qxd3 Nbd7 11. O-O O-O
12. Rfe1 Re8 13. a3 a5 14. Rad1 Qb6 15. Qc2 Bd6 16. h3 Re6
17. Bxf6 Nxf6 18. Ng5 Re7 19. e4 h6 20. Nxf7 Kxf7 21. e5 Rae8
22. Na4 Qb5 23. Nc3 Qb6 24. Na4 Qd8 25. Qc1 Bxe5 26. dxe5 Rxe5
27. Rxe5 Rxe5 28. Qxh6 Qe7 29. Qd2 b5 30. Nc3 b4 31. axb4 axb4
32. Na4 c5 33. g4 c4 34. Nb6 Re2 35. Qf4 Re1+ 36. Rxe1 Qxe1+
37. Kh2 g5 38. Qc7+ Qe7 39. Qc6 Qe5+ 40. Kg2 c3 41. bxc3 bxc3
42. Nc8 d4 43. Nd6+ Kg6 44. Qc7 Qd5+ 45. f3 Qe6 46. Nf5 Qe2+
47. Kg3 Qe1+ 48. Kg2 Qe2+ 49. Kg3 Qe1+ 1/2-1/2

[Event "5th Istanbul Festival"]
[Site "Istanbul TUR"]
[Date "2006.09.03"]
[EventDate "2006.08.30"]
[Round "5"]
[Result "1-0"]
[White "Vladimir Georgiev"]
[Black "Anna Ushenina"]
[WhiteElo "2518"]
[BlackElo "2410"]
[PlyCount "87"]

1. d4 Nf6 2. Bg5 e6 3. Nd2 c5 4. e3 cxd4 5. exd4 Be7 6. Ngf3
b6 7. Bd3 Bb7 8. O-O O-O 9. Re1 d6 10. Bxf6 Bxf6 11. c3 Nd7
12. Be4 Bxe4 13. Nxe4 d5 14. Nxf6+ Qxf6 15. Qa4 Rfd8 16. Re3
a6 17. Rae1 Qf4 18. Qb4 b5 19. Qe7 Qf6 20. Qd6 h6 21. h4 Qf5
22. Qe7 Qf6 23. Qd6 Qf5 24. Qb4 Qf4 25. a3 Qc7 26. Nh2 Nf6
27. Qb3 Rab8 28. Qd1 a5 29. Ng4 Ne4 30. Ne5 Nd6 31. Qh5 b4
32. axb4 axb4 33. cxb4 Ne4 34. Nd3 Qa7 35. Qe5 Rdc8 36. Nc5
Rxb4 37. Nxe6 Nf6 38. Rg3 fxe6 39. Qxe6+ Kh7 40. Qf5+ Kg8
41. Qxc8+ Kh7 42. Qf5+ Kh8 43. Rc3 Rb8 44. Rec1 1-0

[Event "5th Istanbul Festival"]
[Site "Istanbul TUR"]
[Date "2006.09.06"]
[EventDate "2006.08.30"]
[Round "8"]
[Result "0-1"]
[White "Aleksandr Karpatchev"]
[Black "Anna Ushenina"]
[WhiteElo "2533"]
[BlackElo "2410"]
[PlyCount "126"]

1. e4 c5 2. c3 d5 3. exd5 Qxd5 4. d4 Nf6 5. Nf3 e6 6. Be2 Nc6
7. O-O cxd4 8. cxd4 Be7 9. Nc3 Qd6 10. Nb5 Qd8 11. Bf4 Nd5
12. Bg3 O-O 13. Bc4 a6 14. Bxd5 axb5 15. Be4 Nb4 16. Qb3 f5
17. Bb1 Nd5 18. Be5 Bd7 19. Ne1 Bc6 20. Qh3 Bf6 21. Nd3 Bxe5
22. dxe5 Ra4 23. g3 Ne7 24. Bc2 Rc4 25. Ne1 Qd5 26. f3 Qxe5
27. Bb3 Rd4 28. Rf2 Rfd8 29. Qg2 Qe3 30. Qf1 Rd2 31. Nc2 Qxf2+
32. Qxf2 Rxf2 33. Kxf2 Kf7 34. Re1 Rd2+ 35. Re2 Rd6 36. Nb4
Kf6 37. Rc2 e5 38. Ke2 g5 39. Rc5 h5 40. Bc2 Rd4 41. a3 Rc4
42. Rxc4 bxc4 43. Bd1 g4 44. Nxc6 Nxc6 45. Ke3 b5 46. fxg4
hxg4 47. b3 cxb3 48. Bxb3 Na5 49. Bd5 Nc4+ 50. Kd3 Nxa3
51. Kc3 Nc4 52. Bc6 Nd6 53. Bd5 Nf7 54. Kb4 e4 55. Kxb5 Ng5
56. Kc4 Nf3 57. Kc3 Ke5 58. Bb7 Nxh2 59. Ba6 f4 60. gxf4+ Kxf4
61. Kd2 Kf3 62. Ke1 g3 63. Bb7 Ke3 0-1

[Event "5th Istanbul Festival"]
[Site "Istanbul TUR"]
[Date "2006.09.07"]
[EventDate "2006.08.30"]
[Round "9"]
[Result "0-1"]
[White "Anna Ushenina"]
[Black "Vladimir Baklan"]
[WhiteElo "2410"]
[BlackElo "2621"]
[PlyCount "72"]

1. d4 Nf6 2. c4 g6 3. Nc3 Bg7 4. e4 d6 5. Nf3 O-O 6. Be2 Bg4
7. Ng1 Bd7 8. h3 c5 9. d5 e6 10. Bf4 exd5 11. exd5 Re8 12. Qb3
Ne4 13. Nxe4 Rxe4 14. Bd2 b5 15. Bc3 bxc4 16. Qb7 Qb6 17. Qxa8
Bxc3+ 18. bxc3 Qb2 19. Rd1 Ba4 20. f3 Re8 21. Qxa7 Bxd1
22. Kxd1 Qxc3 23. Qa4 Qa1+ 24. Kc2 Re3 25. Bd1 Qc3+ 26. Kb1
Re1 27. Qc2 Qb4+ 28. Kc1 Qa3+ 29. Kb1 c3 30. Ne2 Rxh1 31. Nxc3
Nd7 32. Ne4 Ne5 33. Nf6+ Kg7 34. Ne8+ Kf8 35. Nxd6 Qb4+
36. Kc1 c4 0-1